<?xml version="1.0" encoding="UTF-8"?>
<collection xmlns="http://www.loc.gov/MARC21/slim">
  <record>
    <leader>00000nam  2200000   4500</leader>
    <controlfield tag="001">INLIS000000000018507</controlfield>
    <controlfield tag="005">20241120010411</controlfield>
    <datafield tag="035" ind1="#" ind2="#">
      <subfield code="a">0010-1124000173</subfield>
    </datafield>
    <controlfield tag="007">ta</controlfield>
    <controlfield tag="008">241120###########################0######</controlfield>
    <datafield tag="245" ind1="#" ind2="#">
      <subfield code="a">OPTIMUS PRIME :</subfield>
      <subfield code="b">Optimalisasi Penyusunan Jadwal Perkuliahan pada jurusan Teknik Mesin Politeknik Negeri Manado /</subfield>
      <subfield code="c">Estrela Bellia Muaja,  S.Si., M.T</subfield>
    </datafield>
    <datafield tag="260" ind1="#" ind2="#">
      <subfield code="a">Makassar :</subfield>
      <subfield code="b">Puslatbang KMP RI LAN Makassar,</subfield>
      <subfield code="c">2024</subfield>
    </datafield>
    <datafield tag="300" ind1="#" ind2="#">
      <subfield code="a">58 ;</subfield>
      <subfield code="c">30</subfield>
    </datafield>
    <datafield tag="650" ind1="#" ind2="4">
      <subfield code="a">Upaya dalam meningkatkan efisiensi penyusunan jadwal perkuliahan dimana waktu yang diperlukan dalam menyusun jadwal menjadi lebih cepat dan tidak ada jadwal perkuliahan yang bertabrakan</subfield>
    </datafield>
    <datafield tag="700" ind1=" " ind2="#">
      <subfield code="a">Alfred N. Mekel, S.ST., MT (Mentor)</subfield>
    </datafield>
    <datafield tag="700" ind1=" " ind2="#">
      <subfield code="a">Zulchaidir, S.Sos., MPS (Coach)</subfield>
    </datafield>
    <datafield tag="520" ind1="#" ind2="#">
      <subfield code="a">Laporan ini adalah hasil dari serangkaian Aktualisasi Latsar CPNS 2024 yang membahas gagasan kreatif bertema "Optimalisasi Penyusunan Jadwal Perkuliahan pada Jurusan Teknik Mesin Politeknik Negeri Manado". Kegiatan ini disusun untuk memecahkan isu utama yang terjadi di Jurusan Teknik Mesin Politeknik Negeri Manado, dimana penetapan isu utama menggunakan metode APKL (Aktual, Problematik, Kekhalayakan dan Kelayakan. Kegiatan ini dirancang sebagai upaya dalam meningkatkan efisiensi penyusunan jadwal perkuliahan dimana waktu yang diperlukan dalam penyusunan jadwal menjadi lebih cepat dan tidak ada jadwal perkuliahan yang bertabrakan.&#13;
&#13;
Terdapat 4 kegiatan yang memecahkan isu utama yaitu: dilakukan dalam&#13;
&#13;
1. Melakukan pengumpulan data berbasis digital&#13;
&#13;
2. Desain jadwal perkuliahan menggunakan Excell Macro&#13;
&#13;
3. Melaksanakan bimbingan teknis penggunaan excel macro dalam penyusunan jadwal perkuliahan&#13;
&#13;
4. Finallsasi jadwal perkuliahan Jurusan Teknik Mesin&#13;
&#13;
Secara keseluruhan, kegiatan ini memberikan dampak positif yang signifikan terhadap efisiensi, kualitas pelayanan, dan harmonisasi lingkungan akademik. Nilai-nilai seperti berorientasi pelayanan, akuntabilitas, kompetensi, harmoni, loyalitas, adoptivitas, dan kolaborasi memastikan bahwa sistem penjadwalan tidak hanya berfungsi secara teknis, tetapi juga mendukung terciptanya lingkungan kerja dan belajar yang lebih baik.</subfield>
    </datafield>
    <datafield tag="856" ind1="#" ind2="#">
      <subfield code="a">PUSLATBANG KMP LAN RI Makassar</subfield>
    </datafield>
  </record>
</collection>
